000 00421nam a2200169Ia 4500
008 230524s9999 xx 000 0 und d
082 _a621.381
_bHOW
100 _aRoger T.Howe
245 0 _aMicroelectronics: An Integrated Approach
250 _a1ST
260 _aNEW DELHI
_bPearson
_c2004
300 _a908
500 _aQuantity Number: 2
650 _aElectronics
700 _a Charles G.Sodini
942 _cBK
999 _c16540
_d16540